000 00832nam a2200253Ia 4500
003 OSt
005 20220918201145.0
006 a|||||r|||| 00| 0
007 ta
008 220917b |||||||| |||| 00| 0 eng d
024 _a92,055
037 _cTextual
040 _aARTS
_cARTS
_beng
041 _2eng
_aeng
082 _aV1:19(zM(C9B3)).N8, M3
100 _aO'Hefeernan Patrick
_997138
245 0 _aFirst nuclear world war
_b A stategy for prevention nuclear wars and the spread of nuclear wars and the spread of nuclear weapons
260 _aLondon
_bHutchinson
_c1983
300 _a444p.
_ccm.
500 _aBibliography p411--430; Glossary p371--380
650 _aARMS CONTROL; WORLD HISTORY
942 _hV1:19(zM(C9B3)).N8, M3
_cTEXL
_2CC
999 _c215709
_d215709